Amerling dritte Klasse - Johannes - Statistiken

Allgemein
  • Dieses Quiz wurde 66 mal gespielt
  • Das Durchschnittsergebnis liegt bei 11 aus 13
Antwortstatistiken
Frage % Korrekt
Wer entdeckt als erste das leere Grab? Maria von Magdala
97%
Aus Joh 21,24 kann man schlussfolgern, wie der "Jünger, den Jesus liebte", hieß. Nämlich? Johannes
94%
Sie lief dann zu zwei Aposteln. Welcher wird namentlich genannt? Simon Petrus
94%
Welcher Apostel war bei der ersten Erscheinung nicht dabei? Thomas
90%
In welcher Sprache sagte sie das? Hebräisch
87%
Was tat Maria, während sie draußen vor dem Grab stand? sie weinte
84%
Was aßen Jesus und die Jünger am See von Tiberias? Brot und Fisch
77%
Für wen hielt Maria (Magdalena) Jesus zuerst? für den Gärtner
77%
Wie nannte Maria Jesus, nachdem sie ihn erkannte hatte? Rabbuni
77%
Welcher war der ersteSatz, den Jesus zu den Jüngern sagte? Friede sei mit euch!
74%
Was sagte Thomas zu Jesus, als er ihn sah? Mein Herr und mein Gott!
74%
Was sagte Jesus, als er die Jünger anhauchte? (nur der erste Satz) Empfangt den Heiligen Geist!
71%
Wie wird in Joh 20,2 der "andere Jünger" genannt? Jünger, den Jesus liebte
68%
Keine übereinstimmenden Quizze gefunden
Verteilung der Resultate
Anzahl Personen mit jedem Resultat
Perzentil nach korrekt beantworteten Fragen
Ihre Resultats-Entwicklung
Sie haben dieses Quiz noch nicht gespielt